Lexikon technických materiálů se zahraničními evivalenty: : Základní dílo: aktuální stav únor 2002 - včetně 14. doplňku

Enregistré dans:
Détails bibliographiques
Auteurs principaux: Fürbacher, Ivan (Auteur), Macek, Karel (Auteur), Steidl, Josef (Auteur)
Format: Livre
Langue:tchèque
Publié: Praha : ONTL Odborné nakladatelstí technické literatury, 2002
Édition:1. vyd.
Tags: Ajouter un tag
Pas de tags, Soyez le premier à ajouter un tag!

MARC

LEADER 00000nam a22000003a 4500
001 stu75583
005 20150617225619.4
008 020507s2002----xr------------------cze-d
020 |a 80-86229-02-5 
040 |a STU  |b slo 
041 0 |a cze 
044 |a xr 
080 |a 621.002.3 
100 1 |a Fürbacher, Ivan  |4 aut 
245 1 |a Lexikon technických materiálů se zahraničními evivalenty: :  |b Základní dílo: aktuální stav únor 2002 - včetně 14. doplňku 
250 |a 1. vyd. 
260 |a Praha :  |b ONTL Odborné nakladatelstí technické literatury,  |c 2002 
300 |a nestránkované  |c CD-ROM 
700 1 |a Macek, Karel  |4 aut 
700 1 |a Steidl, Josef  |4 aut 
996 |b 284J007965  |c J*98993  |l JJSK  |s A  |a 24  |w stu75583_0001